000
00295nam a22001217a 4500
008
150526b xxu||||| |||| 00| 0 eng d
020
_a
9780071759069
020
_a
0071759069
041
1
_a
eng
080
_a
004
245
1
0
_a
iPad & iPhone Guida Administrative :
_c
Guy Hart-Davis.
942
_2
udc
_c
BK
999
_c
901
_d
901